Countries Closest to Panama A-Z - Statistics

General Stats
  • This quiz has been taken 1,544 times
  • The average score is 21 of 25
Answer Stats
Letter Country % Correct
C Colombia
95%
H Honduras
94%
C Costa Rica
93%
B Belize
91%
G Guatemala
91%
Q Qatar
91%
U United States
91%
V Venezuela
91%
E Ecuador
90%
J Jamaica
90%
Y Yemen
90%
A Antigua and Barbuda
89%
O Oman
89%
Z Zambia
89%
N Nicaragua
87%
D Dominican Republic
86%
M Mexico
85%
P Peru
83%
F France
81%
T Trinidad and Tobago
80%
S Saint Vincent and the Grenadines
75%
K Kiribati
66%
I Iceland
62%
R Russia
62%
L Liberia
50%
No matching quizzes found
Score Distribution
Percent of People with Each Score
Percentile by Number Answered
Your Score History
You have not taken this quiz